000 00245nam a2200109Ia 4500
008 220204s9999 xx 000 0 und d
082 _a82-3
_bMAR
100 _aMartin, Thomas St
245 0 _aJill
260 _aNew York
_bDell
_c1979
942 _cBK
999 _c35129
_d35129